000 01085cam a2200301 i 4500
001 26500
003 Mx-PuUPA
005 20250408141333.0
008 140415s1987 is ab gr 000 0 spa d
040 _aMx-PuUPA
_bspa
_cMx-PuUPA
_dMx-PuUPA
_erda
041 0 _aspa
100 1 _aGonen, Rivka,
_eautor
_916930
245 1 0 _aSantos lugares bíblicos :
_bguía ilustrada /
_cRivka Gonén ; versión española, Bar Kojba Jálaj
264 1 _aTel-Aviv, Israel :
_bEditorial Aurora,
_c©1987
300 _a288 páginas :
_bilustraciones, mapas ;
_c27 cm
336 _2rdacontent
_atexto
_btxt
337 _2rdamedia
_asin medio
_bn
338 _2rdacarrier
_avolumen
_bnc
650 7 _2armarc
_aBiblia
_xAntigüedades
650 7 _2armarc
_aAntigüedades cristianas
_vGuías
650 7 _2armarc
_aRegión mediterranea
_vGuías
650 7 _2armarc
_aSantuarios
_xRegión mediterranea
_vGuías
651 4 _aTierra Santa
_vGuías turísticas
700 1 _aMálaj, Bar Kojba,
_etraductor
942 _2ddc
_cLI
_h263.042
_iG63
999 _c26500
_d26500